|
|
|
|
| LEADER |
00000nam2a2200000 4500 |
| 001 |
50962 |
| 005 |
20231031034132.0 |
| 035 |
|
|
|a (RuTPU)RU\TPU\book\53350
|
| 090 |
|
|
|a 50962
|
| 100 |
|
|
|a 20030423d1957 km y0rusy50 ca
|
| 101 |
0 |
|
|a rus
|
| 102 |
|
|
|a RU
|
| 105 |
|
|
|a a gj 001zy
|
| 200 |
0 |
|
|a Т. 1.
|
| 210 |
|
|
|d 1957
|
| 215 |
|
|
|a 728 с.
|c ил.
|
| 320 |
|
|
|a Библиогр. в конце глав
|
| 461 |
|
1 |
|0 (RuTPU)RU\TPU\book\53346
|t Теплотехнический справочник
|o Учебное пособие
|f Под ред. П. Д. Лебедева и др.
|v Т. 1.
|d 1957-
|
| 610 |
1 |
|
|a теплотехника
|
| 610 |
1 |
|
|a справочники
|
| 610 |
1 |
|
|a учебные пособия
|
| 675 |
|
|
|a 621.1.016(035)(075.8)
|v 3
|
| 801 |
|
1 |
|a RU
|b 63413507
|c 20030423
|g PSBO
|
| 801 |
|
2 |
|a RU
|b 63413507
|c 20221101
|g PSBO
|
| 942 |
|
|
|c BK
|